Mort subite Les départements occupés pendant la 1ère Guerre mondiale - Statistiques

Statistiques générales
  • Ce quiz a été pris 147 fois
  • Le résultat moyen est 2 sur 10
Answers on the Grid
Answers color-coded by a green-red scale on the quiz's grid according to % correct below.
Ardennes
Moselle
Somme
Haute-Marne
Aube
Orne
Nord
Eure
Bas-Rhin
Pas-de-Calais
Seine-et-Oise
Marne
Vosges
Seine-Maritime
Seine-et-Marne
Haut-Rhin
Meurthe-et-Moselle
Haute-Saône
Meuse
Yonne
Aisne
Territoire-de-Belfort
Oise
Loiret
Doubs
 
Statistiques - réponses
Réponse % Correct
100 % Ardennes
77%
16 % Somme
36%
70 % Nord
23%
25 % Pas-de-Calais
17%
55 % Aisne
11%
25 % Meurthe-et-Moselle
10%
30 % Meuse
9%
4.8 % Vosges
7%
12 % Marne
6%
40 % Oise
6%
Aucun quiz correspondant
Distribution des résultats
% des personnes avec chaque résultat
Percentile par nombre de réponses
Votre historique - résultats
Vous n’avez pas pris ce quiz